000 00766nam a2200253 a 4500
001 adlib96000001
003 ViArRB
005 200902210153555.7
008 960221s1955 dcuabcdjdbkoqu001 0deng d
020 _a9781402067730
022 _a
040 _aAdlib
082 _a551.46 (98)
245 _aArctic-subarctic ocean fluxes:defining the role of the northern seas in climate
250 _a
260 _aDordrecht
_bSpringer
_c2008
300 _ax,736p.
_c
500 _a
100 _aDickson,Robert R
_eed.by
700 _aMeincke,Jens
_aRhines,Peter
942 _cBK
653 _aOceanography-Arctic regions
_aClimate Changes
952 _w2010-06-16
_p00061565
_r2010-06-16
_40
_00
_bUL
_10
_o551.46 (98) DIC
_d2010-06-16
_70
_yBK
_aUL
999 _c54584
_d54583